Natyacharya Sisir Kumar Bhaduri : (Record no. 174051)

MARC details
000 -LEADER
fixed length control field 00590nam a22001817a 4500
005 - DATE AND TIME OF LATEST TRANSACTION
control field 20200316143807.0
010 ## - LCCN (DPL NO)
LC control number ENG-128057
020 ## - INTERNATIONAL STANDARD BOOK NUMBER
International Standard Book Number 9789386906212
Terms of availability 350.00
035 ## - SYSTEM CONTROL NUMBER
System control number EN-111589
037 ## - SOURCE OF ACQUISITION
Source of stock number/acquisition DBAD/PUB
082 ## - DEWEY DECIMAL CLASSIFICATION NUMBER
Classification number 920
100 ## - MAIN ENTRY--PERSONAL NAME
Personal name Mitra,Amal
245 ## - TITLE STATEMENT
Title Natyacharya Sisir Kumar Bhaduri :
Statement of responsibility, etc by Mitra, Amala
Remainder of title pioneer of modern Indian theatre
260 ## - PUBLICATION, DISTRIBUTION, ETC. (IMPRINT)
Place of publication, distribution, etc New Delhi
Name of publisher, distributor, etc Niyogi Books
Date of publication, distribution, etc 2018
270 ## - ADDRESS
Address Block D,Building no.77,Okhla Industrial Area,Phase-1
City New Delhi
Electronic mail address niyogibooks@gmail.com
300 ## - PHYSICAL DESCRIPTION
Extent 127p.
Dimensions 22cm(pbk)
942 ## - ADDED ENTRY ELEMENTS (KOHA)
Source of classification or shelving scheme Dewey Decimal Classification
Item type English Books
Classification part 920
Call number suffix MIT
Edition .
Holdings
Withdrawn status Lost status Not for loan Collection code Home library Current library Date acquired Source of acquisition Cost, normal purchase price Full call number Barcode Copy number Cost, replacement price Koha item type
      Non-fiction Central Library Central Library 16/03/2020 DBAD/PUB 350.00 920 MIT EN-111589 1 350.00 English Books

© Delhi Public Library
Hit Counter
free hit counter